000
00254nam a2200097Ia 4500
001
1250802
005
20251031150903.0
008
251031s9999 xx 000 0 und d
245
0
_c
KELLY JAMES CLARK
_a
H-4 BİLİM VE VEYA DİN
260
_b
DESTEK YAYINLARI
999
_c
1250802
_d
1250802